000 00881nam a2200229 a 4500
001 BRCA_1715
005 20190320203523.0
008 911002s1988 mx-a---##b---f000-0#spa-#
020 _a9688372625
040 _aDLC
_cDLC
050 4 _aNA4425.M4
_b.S56 1988
100 1 _aSchroeder Cordero, Francisco Arturo H.
_95362
245 1 0 _aEntorno a la Plaza y Palacio de Minería
_cFrancisco Arturo H. Schroeder Cordero.
260 _aMéxico
_bUNAM, Facultad de Arquitectura, División de Estudios de Posgrado
_c1988
300 _axvii, 101 p.
_bil. (algunas a color), mapas
_c37 cm.
504 _aBibliografía: p. 91-97
610 2 4 _aPalacio de Minería
_zCiudad de México
_95363
610 2 4 _aPlaza de Minería
_zCiudad de México
_95364
650 1 4 _aNeoclasicismo (Arquitectura)
_zMéxico
_95365
651 4 _aCiudad de México
_xEdificios, estructuras, etc.
_91264
942 _2lcc
_cB
999 _c1505
_d1505